Italian Cuisine - Sudden Death - Statistics

General Stats
  • This quiz has been taken 199 times
  • The average score is 2 of 15
Answers on the Grid
Answers color-coded by a green-red scale on the quiz's grid according to % correct below.
English soup
Spaghetti alla carbonara
Parmigiana
Cubbaita
Carasau
Prescinseua
Krumiri
Cassoeula
Pani câ mèusa
Ligurian focaccia
Pasta with beans
Minestrone
Gianduja cream
Veal Milanese
Risotto
Fettuccine Alfredo
Pepperoni sausage
Garlic bread
Chicken parmesan
Pineapple pizza
Brandade
Spaghetti bolognese
Parmesan cheese
Spätzle
Miso soup
Kebab pizza
Hummus
Chicken tikka masala
Tajine
Ghoriba
 
Answer Stats
Answer % Correct
Risotto
36%
Spaghetti alla carbonara
36%
Parmigiana
35%
Minestrone
29%
Ligurian focaccia
23%
Veal Milanese
16%
Cassoeula
13%
Gianduja cream
7%
Pasta with beans
7%
Prescinseua
6%
Carasau
5%
Pani câ mèusa
5%
Krumiri
2%
Cubbaita
1%
English soup
1%
No matching quizzes found
Score Distribution
Percent of People with Each Score
Percentile by Number Answered
Your Score History
You have not taken this quiz